Historia del istmo centroamericano/ (Registro nro. 9307)

Detalles MARC
000 -LEADER
fixed length control field 01200nam a2200205Ia 4500
005 - FECHA Y HORA DE LA ÚLTIMA TRANSACCIÓN
control field 20230914085505.0
008 - FIXED-LENGTH DATA ELEMENTS--GENERAL INFORMATION
fixed length control field 230912s9999 xx 000 0 und d
020 ## - INTERNATIONAL STANDARD BOOK NUMBER
International Standard Book Number 970-184-421
040 ## - CATALOGING SOURCE
Original cataloging agency UPAN
Transcribing agency Biblioteca San Vicente
Description conventions RCAA2
041 ## - LANGUAGE CODE
Language code of text/sound track or separate title spa
082 ## - DEWEY DECIMAL CLASSIFICATION NUMBER
Classification number 972.8
Item number C667h
año de publicación 2000
100 ## - MAIN ENTRY--PERSONAL NAME
Personal name Acuña Ortega, Víctor Hugo
Relator code aut.
245 #0 - TITLE STATEMENT
Title Historia del istmo centroamericano/
Statement of responsibility, etc Víctor Hugo Acuña Ortega, Knut Walter Franklin, Edgar Leonel Barillas Barrientos, et al...
260 ## - PUBLICATION, DISTRIBUTION, ETC. (IMPRINT)
Place of publication, distribution, etc El Salvador:
Name of publisher, distributor, etc MDE,
Date of publication, distribution, etc 2000
300 ## - PHYSICAL DESCRIPTION
Extent 246 p.;
Dimensions 27 cm.
505 ## - FORMATTED CONTENTS NOTE
Formatted contents note Capitulo 1: El espacio y los seres humanos<br/>Capitulo 2: Orígenes y evolución de los pueblos del Istmo<br/>Capitulo 3: Antiguas civilizaciones de la Zona Norte<br/>Capitulo 4: sociedades antiguas de la zona central y sur<br/>Capitulo 5: Las poblaciones nativas en el momento de la conquista hispánica<br/>Capitulo 6:La conquista de Centro América (1492--1542)<br/>Capitulo 7: El establecimiento del dominio español (1542-1600)<br/>Capitulo 8: La crisis del siglo XVII<br/>Capitulo 9: La sociedad centroamericana en el siglo XVIII
650 ## - SUBJECT ADDED ENTRY--TOPICAL TERM
Source of heading or term LEMB
General subdivision Indígenas de América Central
650 ## - SUBJECT ADDED ENTRY--TOPICAL TERM
Source of heading or term LEMB
General subdivision Historia
Geographic subdivision Centro América
942 ## - ADDED ENTRY ELEMENTS (KOHA)
Koha item type Libros
Source of classification or shelving scheme Dewey Decimal Classification
Existencias
Withdrawn status Lost status Source of classification or shelving scheme Damaged status Not for loan Collection code Home library Current library Date acquired Total Checkouts Full call number Barcode Date last seen Copy number Price effective from Koha item type
    Dewey Decimal Classification     Colección General Biblioteca UPAN San Vicente Biblioteca UPAN San Vicente 12/09/2023   972.8 C667h 12001906 12/09/2023 01 12/09/2023 Libros